Score 0/82 Timer 10:00
0 Plays Today
General Area Neighborhood % Correct
Upper Manhattan (above 95th St)Harlem
87%
Downtown (Below 14th St)SoHo
82.2%
Upper Manhattan (above 95th St)Upper East Side, Lenox Hill, Silk Stocking District
81.4%
Upper Manhattan (above 95th St)Upper West Side
78.4%
Downtown (Below 14th St)Chinatown
76%
Midtown (34th to 59th Sts)Midtown
75%
Downtown (Below 14th St)Lower Manhattan, Financial District
72.3%
Downtown (Below 14th St)Greenwich Village, the Village
71.4%
Downtown (Below 14th St)TriBeCa
70.8%
Downtown (Below 14th St)Little Italy
70.1%
Downtown (Below 14th St)NoHo
69%
Downtown (Below 14th St)East Village
65%
Between Midtown and DowntownChelsea
64.8%
Downtown (Below 14th St)Lower East Side
64.7%
Midtown (34th to 59th Sts)Hell's Kitchen, Clinton
63.8%
Upper Manhattan (above 95th St)Washington Heights
63.2%
Upper Manhattan (above 95th St)Morningside Heights, SoHa
62.6%
Downtown (Below 14th St)West Village
62.1%
IslandsRoosevelt Island
57.3%
Between Midtown and DowntownMeatpacking District
57.2%
Upper Manhattan (above 95th St)East Harlem
54.2%
Midtown (34th to 59th Sts)Times Square
52.7%
Upper Manhattan (above 95th St)Spanish Harlem, El Barrio, SpaHa, Italian Harlem
52.2%
Downtown (Below 14th St)Alphabet City, Loisaida
51.6%
IslandsEllis Island
51.5%
Upper Manhattan (above 95th St)Inwood
49.1%
Downtown (Below 14th St)NoLIta
47.6%
IslandsLiberty Island
47%
General Area Neighborhood % Correct
Between Midtown and DowntownGramercy
46.4%
Downtown (Below 14th St)The Bowery
46.1%
Midtown (34th to 59th Sts)Murray Hill
45.5%
Between Midtown and DowntownFlatiron District, Toy District, Photo District
43.7%
IslandsGovernors Island
43.3%
Midtown (34th to 59th Sts)Garment District
42.1%
Midtown (34th to 59th Sts)Midtown East
41.9%
Upper Manhattan (above 95th St)West Harlem
41.2%
Midtown (34th to 59th Sts)Columbus Circle
40.9%
Upper Manhattan (above 95th St)Yorkville
40.6%
Downtown (Below 14th St)Battery Park City
40.6%
Midtown (34th to 59th Sts)Koreatown
40.1%
Between Midtown and DowntownUnion Square
38.3%
Midtown (34th to 59th Sts)Midtown West
37.7%
Midtown (34th to 59th Sts)Theater District
37%
Upper Manhattan (above 95th St)Hamilton Heights (West Harlem)
36.5%
IslandsRandall's Island
36.5%
Between Midtown and DowntownStuyvesant Town
35.8%
Between Midtown and DowntownKips Bay
34.3%
Midtown (34th to 59th Sts)Turtle Bay
33.1%
IslandsWard's Island
29.5%
Upper Manhattan (above 95th St)Central Harlem
29%
Midtown (34th to 59th Sts)Sutton Place
28.3%
Midtown (34th to 59th Sts)Diamond District
28%
Upper Manhattan (above 95th St)Manhattanville (West Harlem)
27.1%
Upper Manhattan (above 95th St)Fort George
26.9%
Upper Manhattan (above 95th St)Lincoln Square (once San Juan Hill)
26.8%
Midtown (34th to 59th Sts)Herald Square
26.6%
General Area Neighborhood % Correct
Downtown (Below 14th St)Civic Center
26%
Downtown (Below 14th St)Two Bridges
24.7%
Upper Manhattan (above 95th St)Marble Hill
24.4%
Between Midtown and DowntownMadison Square
24.1%
Downtown (Below 14th St)South Street Seaport Historical District
24%
Upper Manhattan (above 95th St)Sugar Hill (Central Harlem)
23.7%
Upper Manhattan (above 95th St)Carnegie Hill
23.4%
Upper Manhattan (above 95th St)Manhattan Valley, Bloomingdale District
22.5%
Midtown (34th to 59th Sts)Tudor City
21.9%
Midtown (34th to 59th Sts)Rockefeller Center, Radio City
21.4%
Downtown (Below 14th St)Little Germany (historic)
20.8%
Upper Manhattan (above 95th St)Hudson Heights (Part of Washington Heights)
20.5%
Upper Manhattan (above 95th St)Le Petit Senegal (Little Senegal)
20.1%
Between Midtown and DowntownPeter Cooper Village
20.1%
Upper Manhattan (above 95th St)Astor Row (Central Harlem)
19.9%
Midtown (34th to 59th Sts)Little Brazil
19.9%
Between Midtown and DowntownFlower District
18.1%
Upper Manhattan (above 95th St)Marcus Garvey Park, Mount Morris Historical District
15.9%
Upper Manhattan (above 95th St)ViVa, Viaduct Valley
15.9%
Midtown (34th to 59th Sts)Tenderloin
13.6%
Between Midtown and DowntownRose Hill, Curry Hill
13%
Downtown (Below 14th St)Cooperative Village
12.9%
Midtown (34th to 59th Sts)Hudson Yards
12.7%
Between Midtown and DowntownWaterside Plaza
9.7%
Between Midtown and DowntownBrookdale
9.4%
Upper Manhattan (above 95th St)Strivers' Row (Central Harlem)
8.5%
Remove Ads.
Support Sporcle.
Get the best of Sporcle when you Go Orange. This ad-free experience offers more features, more stats, and more fun while also helping to support Sporcle. Thank you for becoming a member.

You're not logged in!

Compare scores with friends on all Sporcle quizzes.
OR
Log In

Show Comments

Extras

Top Quizzes Today


Score Distribution

Your Account Isn't Verified!

In order to create a playlist on Sporcle, you need to verify the email address you used during registration. Go to your Sporcle Settings to finish the process.

Report this User

Report this user for behavior that violates our Community Guidelines.

Details: